Online katalóg knižníc regiónu Turca

Luteráni (Record no. 21489)

MARC details
000 -LEADER
fixed length control field 01899cam a2200577 a 4500
001 - CONTROL NUMBER
control field 21489
003 - CONTROL NUMBER IDENTIFIER
control field VRT
005 - DATE AND TIME OF LATEST TRANSACTION
control field 20260302142900.0
008 - FIXED-LENGTH DATA ELEMENTS--GENERAL INFORMATION
fixed length control field 240314s2014 xo o g 000 0dslo
015 ## - NATIONAL BIBLIOGRAPHY NUMBER
National bibliography number SNBA2015/02
020 ## - INTERNATIONAL STANDARD BOOK NUMBER
International Standard Book Number 9788081143359
Qualifying information (viaz.)
035 ## - SYSTEM CONTROL NUMBER
System control number B3FA51AF-CC72-43C1-9176-101A9079D97D
035 ## - SYSTEM CONTROL NUMBER
System control number urn:nbn:sk:snk-amkvw9
035 ## - SYSTEM CONTROL NUMBER
System control number urn:nbn:sk:snk-am0013dg
039 #9 - LEVEL OF BIBLIOGRAPHIC CONTROL AND CODING DETAIL [OBSOLETE]
Level of rules in bibliographic description 202403141144
Level of effort used to assign nonsubject heading access points VLOAD
Level of effort used to assign subject headings 202310241422
Level of effort used to assign classification AUTHORITY
Level of effort used to assign subject headings 201808141528
Level of effort used to assign classification mbpksh04
Level of effort used to assign subject headings 201606101339
Level of effort used to assign classification VLOAD
040 ## - CATALOGING SOURCE
Original cataloging agency ZKSE
Language of cataloging slo
Transcribing agency ZKSE
Description conventions AACR2
041 0# - LANGUAGE CODE
Language code of text/sound track or separate title slo
043 ## - GEOGRAPHIC AREA CODE
Geographic area code e-xo---
044 ## - COUNTRY OF PUBLISHING/PRODUCING ENTITY CODE
MARC country code xo
ISO country code SK
072 #7 - SUBJECT CATEGORY CODE
Subject category code 271/279
Subject category code subdivision Kresťanské cirkvi, sekty, denominácie
Source konspekt
072 #7 - SUBJECT CATEGORY CODE
Subject category code 929
Subject category code subdivision Biografie
Source konspekt
080 ## - UNIVERSAL DECIMAL CLASSIFICATION NUMBER
Universal Decimal Classification number 274/278-1/-9
Edition identifier 2001
080 ## - UNIVERSAL DECIMAL CLASSIFICATION NUMBER
Universal Decimal Classification number 274.5-726.6
Edition identifier 2001
080 ## - UNIVERSAL DECIMAL CLASSIFICATION NUMBER
Universal Decimal Classification number 929-058.1
Edition identifier 2001
080 ## - UNIVERSAL DECIMAL CLASSIFICATION NUMBER
Universal Decimal Classification number (437.6)
Edition identifier 2001
080 ## - UNIVERSAL DECIMAL CLASSIFICATION NUMBER
Universal Decimal Classification number (047.53)
Edition identifier 2001
100 1# - MAIN ENTRY--PERSONAL NAME
Personal name Havranová, Ivana,
Dates associated with a name 1952-
Relationship aut
245 10 - TITLE STATEMENT
Title Luteráni
Statement of responsibility, etc. Ivana Havranová
250 ## - EDITION STATEMENT
Edition statement 1. vyd.
260 ## - PUBLICATION, DISTRIBUTION, ETC.
Place of publication, distribution, etc. Bratislava
Name of publisher, distributor, etc. Marenčin PT
Date of publication, distribution, etc. 2014
300 ## - PHYSICAL DESCRIPTION
Extent 154 s.
Other physical details fotogr.
Dimensions 21 cm
610 07 - SUBJECT ADDED ENTRY--CORPORATE NAME
Corporate name or jurisdiction name as entry element Evanjelická cirkev a.v.
Source of heading or term SNKKA
650 07 - SUBJECT ADDED ENTRY--TOPICAL TERM
Topical term or geographic name entry element evanjelici
Source of heading or term SNKPH
650 07 - SUBJECT ADDED ENTRY--TOPICAL TERM
Topical term or geographic name entry element osobnosti
Source of heading or term SNKPH
650 07 - SUBJECT ADDED ENTRY--TOPICAL TERM
Topical term or geographic name entry element Lutherans
Source of heading or term SNKPHeng
650 07 - SUBJECT ADDED ENTRY--TOPICAL TERM
Topical term or geographic name entry element Celebrities
Source of heading or term SNKPHeng
651 #7 - SUBJECT ADDED ENTRY--GEOGRAPHIC NAME
Geographic name Slovensko
Source of heading or term SNKPH
651 #7 - SUBJECT ADDED ENTRY--GEOGRAPHIC NAME
Geographic name Slovakia
Source of heading or term SNKPHeng
655 #7 - INDEX TERM--GENRE/FORM
Genre/form data or focus term rozhovory
Source of term SNKPH
655 #7 - INDEX TERM--GENRE/FORM
Genre/form data or focus term Interviews
Source of term SNKPHeng
910 ## - USER-OPTION DATA (OCLC)
User-option data pppk
910 ## - USER-OPTION DATA (OCLC)
User-option data bpksh
942 ## - ADDED ENTRY ELEMENTS (KOHA)
Source of classification or shelving scheme Dewey Decimal Classification
Koha item type Krásna literatúra pre dospelých
Suppress in OPAC No
949 ## - LOCAL PROCESSING INFORMATION (OCLC)
6 17A1135140
a snkSC 162525
b snk2015/1293
o 84/15
s 6100:20140925
949 ## - LOCAL PROCESSING INFORMATION (OCLC)
6 17A1135139
a snkSC 162525 D1
b snk2015/1294
o 84/15
949 ## - LOCAL PROCESSING INFORMATION (OCLC)
6 270001000479456
a svkbbA 143587
b svkbbm 750473
949 ## - LOCAL PROCESSING INFORMATION (OCLC)
6 2889301008
a savukM 116736
b savuk2015/421
949 ## - LOCAL PROCESSING INFORMATION (OCLC)
6 273K0583098
a svkpoA 224001
b svkpo581167
949 ## - LOCAL PROCESSING INFORMATION (OCLC)
6 273K0583831
a svkpoA 224608
b svkpo582701
949 ## - LOCAL PROCESSING INFORMATION (OCLC)
6 3869A14225
a bpksh274.5 ; 821.162.4-32
b bpksh70887
Holdings
Stav vyradenia Strata Poškodenie Spôsob nadobudnutia Domovská knižnica Aktuálna knižnica Dátum nadobudnutia Total checkouts Čiarový kód exemplára Date last seen Typ exemplára
      Dar Obecná knižnica Turčianska Štiavnička Obecná knižnica Turčianska Štiavnička 02.03.2026   4738000198 02.03.2026 Krásna literatúra pre dospelých
Projekt je podporený Slovenskou asociáciou knižníc
Prevádzkuje Turčianska knižnica Martin 2026